000 00504nam a2200181Ia 4500
005 20250508161656.0
008 008 250505s9999 xx 000 0 eng d
037 _aTextual
040 _aFEDL
_beng
_cFEDL
041 _aeng
_2eng
084 _a810, BLA
_qFEDL
100 _aBlair Walter...(et.al).
_9771292
245 0 _aUnited States in literature
260 _aGlenview
_bScott, Foresman and Company
_c1968
300 _a820p
942 _cTEXL
_h810, BLA
999 _c1371487
_d1371487